000
00187 a2200097 4500
020
_a
9780764222122
041
_a
eng
100
_a
Lewis, baverly
245
_a
The crossroad
942
_c
BK
999
_c
11543
_d
11543